[Event "Groningen op"]
[Site "Groningen"]
[Date "1997.??.??"]
[Round "11"]
[White "Miles, Anthony J"]
[Black "Markowski, Tomasz"]
[Result "1-0"]
[WhiteElo "2595"]
[BlackElo "2515"]

1.d4 Nf6 2.Nf3 g6 3.c4 Bg7 4.Nc3 d5 5.e3 O-O 6.b4 Be6 7.Ng5 Bg4 8.Qb3 e5
9.dxe5 Nfd7 10.h3 Qxg5 11.hxg4 dxc4 12.Bxc4 Qxg4 13.f4 Nb6 14.Bd3 Qxg2 15.Be4 Qg3+
16.Ke2 Nc6 17.Bf3 Nxe5 18.fxe5 Rad8 19.Bb2 Qxe5 20.a4 Rfe8 21.Nd1 Qf4 22.Bxg7 Nc4
23.Ra2 Kxg7 24.Qc3+ Kg8 25.Kf2 Rxe3 26.Nxe3 Ne5 27.Ng2 Qf6 28.Ra3 Rd3 29.Qxd3 Nxd3+
30.Rxd3 Qb2+ 31.Be2 Qxb4 32.Rh4  1-0

[Event "Hawaii op"]
[Site "Hawaii"]
[Date "1997.??.??"]
[Round "5"]
[White "Miles, Anthony J"]
[Black "Saidy, Anthony Fred"]
[Result "1-0"]
[WhiteElo "2550"]
[BlackElo "2415"]

1.d4 Nf6 2.Bg5 e6 3.Nd2 c5 4.e3 d5 5.c3 h6 6.Bh4 Bd6 7.Ngf3 b6 8.Ne5 Bxe5
9.dxe5 g5 10.Bg3 Nfd7 11.h4 Nc6 12.Qh5 gxh4 13.Bxh4 Qc7 14.f4 c4 15.Nf3 b5
16.a3 a5 17.Qg4 Kf8 18.Bg5 Qb6 19.Nd4 Ne7 20.Rxh6 Rxh6 21.Bxh6+ Ke8 22.Qg7 Ng6
23.Be2 Ndf8 24.Bh5 Qc5 25.Bxg6 Nxg6 26.Qg8+ Nf8 27.Kf2 Rb8 28.Rh1 b4 29.axb4 axb4
30.Bg7 bxc3 31.bxc3 Rb2+ 32.Kf3  1-0

[Event "Hawaii op"]
[Site "Hawaii"]
[Date "1997.??.??"]
[Round "8"]
[White "Shaked, Tal"]
[Black "Miles, Anthony J"]
[Result "0-1"]
[WhiteElo "2445"]
[BlackElo "2550"]

1.e4 Nc6 2.Nf3 e5 3.Nc3 Nf6 4.Bb5 Nd4 5.Nxd4 exd4 6.e5 dxc3 7.exf6 Qxf6 8.dxc3 Qe5+
9.Qe2 Qxe2+ 10.Bxe2 Bc5 11.O-O d6 12.Bf3 Rb8 13.Re1+ Be6 14.Be3 Bxe3 15.Rxe3 O-O
16.Rae1 Rfd8 17.Be4 d5 18.Bd3 c5 19.Re5 g6 20.g3 Rd6 21.Bf1 Rbd8 22.b3 Kg7
23.c4 dxc4 24.Rxc5 Rd1 25.Rce5 c3 26.Kg2 R1d2 27.R1e2 Bg4 28.f3 Bf5 29.Rc5 Rxe2+
30.Bxe2 Rd2 31.Kf2 Rxc2 32.Ke3 Be6 33.h4 b6 34.Rc7 a5 35.Rc6 Rxa2 36.Rxb6 c2  0-1

[Event "BCF-ch playoff"]
[Site "Hove"]
[Date "1997.??.??"]
[Round "1"]
[White "Sadler, Matthew"]
[Black "Miles, Anthony J"]
[Result "1-0"]
[WhiteElo "2665"]
[BlackElo "2595"]

1.d4 e6 2.e4 d5 3.Nd2 dxe4 4.Nxe4 Nd7 5.Bd3 Ngf6 6.Qe2 c5 7.Nxf6+ Nxf6 8.dxc5 Bxc5
9.Bd2 O-O 10.O-O-O Qd5 11.Bc3 Qg5+ 12.Kb1 Nd5 13.Be5 Qxg2 14.Qh5 f5 15.Nf3 Qg4
16.Rhg1 Qxh5 17.Rxg7+ Kh8 18.Rg5+ Nf6 19.Rxh5 Bxf2 20.Rd2 Be3 21.Rg2 Bd7
22.Ng5 Bxg5 23.Rgxg5 Rf7 24.Rh6 Raf8 25.b3 Bc6 26.Bc4 Bd7 27.a4 a6 28.a5 Bc8
29.Kb2 Bd7 30.Rgg6 Bc8 31.Bxf6+ Rxf6 32.Rxf6 Rxf6 33.Rxf6 Kg7 34.Rxe6 Bxe6
35.Bxe6 f4 36.Bd5  1-0

[Event "BCF-ch"]
[Site "Hove"]
[Date "1997.??.??"]
[Round "5"]
[White "Turner, Matthew"]
[Black "Miles, Anthony J"]
[Result "1/2-1/2"]
[WhiteElo "2445"]
[BlackElo "2600"]

1.e4 c5 2.c3 b6 3.d4 Bb7 4.Bd3 Nf6 5.Qe2 cxd4 6.cxd4 Nc6 7.Nf3 Nb4 8.Nc3 Nxd3+
9.Qxd3 e6 10.O-O d6 11.d5 e5 12.a4 Be7 13.a5 bxa5 14.Be3 O-O 15.Qb5 Bc8 16.Rxa5 a6
17.Qb4 Qc7 18.h3 Rb8 19.Qa3 Qb7 20.Rb1 Ne8 21.Nd2 f5 22.f3 Bd8 23.Ra4 Bb6
24.Nd1 Nc7 25.Bxb6 Qxb6+ 26.Qe3 Qb7 27.Rc4 Nb5 28.Nb3 Qf7 29.Nc3 Bd7 30.Nxb5 Bxb5
31.Rc3 fxe4 32.fxe4 Qg6 33.Nd2 h6 34.Rbc1 Kh7 35.Rc7 Rf7 36.Rxf7 Qxf7 37.Qf2 Qg6
38.b3 Rb7 39.Qf5 Qxf5 40.exf5 Bd3 41.Rc6 Bxf5 42.Rxa6 Bc2 43.Rxd6 Bxb3 44.Nxb3 Rxb3
45.Re6 Rd3 46.Rxe5 Kg6 47.Kf2 Kf6 48.Re6+ Kf7 49.Re5  1/2-1/2

[Event "BCF-ch"]
[Site "Hove"]
[Date "1997.??.??"]
[Round "6"]
[White "Miles, Anthony J"]
[Black "McDonald, Neil R"]
[Result "1-0"]
[WhiteElo "2600"]
[BlackElo "2490"]

1.d4 f5 2.Bg5 g6 3.Nd2 Nh6 4.Ngf3 Nf7 5.Bf4 Bg7 6.e4 fxe4 7.Nxe4 Nc6 8.Bb5 O-O
9.Bxc6 bxc6 10.Qd2 Rb8 11.c3 Rb5 12.O-O Rf5 13.Ng3 Rb5 14.Rfe1 c5 15.Qe2 Ba6
16.dxc5 Re8 17.a4 Rb6 18.Qd2 Rb3 19.Qc2 Qb8 20.Rab1 e5 21.Be3 Rb7 22.Nd2 e4
23.Ngxe4 Ne5 24.b4 Bd3 25.Qb3+ Kh8 26.Rbd1 d5 27.Qxd5 c6 28.Qb3 Rf8 29.Nd6 Re7
30.Bg5  1-0

[Event "US-op"]
[Site "Las Vegas"]
[Date "1997.??.??"]
[Round "1"]
[White "Miles, Anthony J"]
[Black "Dayen, I."]
[Result "1-0"]
[WhiteElo "2665"]
[BlackElo "2135"]

1.d4 Nf6 2.Nf3 g6 3.c4 Bg7 4.Nc3 d6 5.e4 O-O 6.Be2 e5 7.O-O Nc6 8.d5 Ne7
9.Ne1 a5 10.Kh1 Nd7 11.Be3 f5 12.f3 f4 13.Bg1 g5 14.Nd3 Nf6 15.c5 Kh8 16.Rc1 Neg8
17.cxd6 cxd6 18.Na4 g4 19.Nb6 gxf3 20.gxf3 Rb8 21.Bf2 Bh3 22.Rg1 Nh5 23.Bf1 Bxf1
24.Qxf1 Nhf6 25.Qh3 Rf7 26.b3 Rc7 27.Rxc7 Qxc7 28.Rc1 Qd8 29.Nb2 Ne7 30.Qe6 Ng6
31.Rc8 Rxc8 32.Qxc8 Qxc8 33.Nxc8 Bf8 34.Nc4 Ne8 35.Nxa5 b5 36.a4 bxa4 37.bxa4 Nc7
38.Nc4  1-0

[Event "US-op"]
[Site "Las Vegas"]
[Date "1997.??.??"]
[Round "5"]
[White "Miles, Anthony J"]
[Black "Graves, P."]
[Result "1-0"]
[WhiteElo "2665"]
[BlackElo "2345"]

1.d4 f5 2.Bg5 g6 3.Nd2 d5 4.e3 Bg7 5.c4 c6 6.Ngf3 Nf6 7.Be2 Be6 8.Bf4 Nbd7
9.Qb3 Qb6 10.c5 Qxb3 11.axb3 a6 12.b4 Nh5 13.Be5 Bxe5 14.Nxe5 Nxe5 15.dxe5 Ng7
16.Nb3 Kd7 17.Kd2 Bf7 18.f4 Ne6 19.g4 Ng7 20.h3 Be6 21.Rag1 Raf8 22.Nd4 Kc7
23.Bd3 Kd7 24.Rh2 Rf7 25.Rhg2 Rc8 26.Kc3 Rb8 27.Kb3 Rc8 28.Ka4 Rcf8 29.Ka5 Kc7
30.gxf5 Bxf5 31.Bxf5 Rxf5 32.Nxf5 Rxf5 33.Rg5 Rxg5 34.fxg5 Nf5 35.Re1 Ng3
36.e6 Ne4 37.Rf1 Nxg5 38.Rf7  1-0

[Event "Anibal op 4th"]
[Site "Linares"]
[Date "1997.??.??"]
[Round "2"]
[White "Lima, Darcy"]
[Black "Miles, Anthony J"]
[Result "1/2-1/2"]
[WhiteElo "2420"]
[BlackElo "2550"]

1.e4 Nc6 2.Nf3 e5 3.Nc3 Nf6 4.Bb5 Nd4 5.Nxd4 exd4 6.e5 dxc3 7.exf6 Qxf6 8.dxc3 Qe5+
9.Qe2 Qxe2+ 10.Bxe2 Bc5 11.O-O d6 12.Re1 Be6 13.Bd3 O-O 14.Be3 Bb6 15.Bxb6 axb6
16.a3 Rfe8 17.Re3 Bd7 18.Rae1 Kf8 19.Rxe8+ Bxe8 20.f4 h6 21.Kf2 Bc6 22.h4 h5
23.g3 Ra5 24.c4 Bd7 25.Re3 g6 26.Ke1 b5 27.cxb5 Bxb5 28.Bxb5 Rxb5 29.b4 Rb6
30.c4 Rc6 31.Re4 Ra6 32.Re3 c5 33.Kf2 Ra4 34.Rb3 b6 35.Kf3 Ke7 36.f5 gxf5
37.Kf4 Kf6 38.Rd3 cxb4 39.axb4 Rxb4 40.Rxd6+ Ke7 41.Rh6 Rxc4+ 42.Kf3 Rc3+
43.Kf4 Rc4+ 44.Kf3 b5 45.Rxh5 Ke6 46.Rh8 b4 47.Rb8 Ke5 48.h5 Kf6 49.Rb6+ Kg7
50.h6+ Kh7 51.Ke3 Rc3+ 52.Kf4 b3 53.Kxf5 Rxg3 54.Kf4 Rh3 55.Kg5 Rc3 56.Rb7 Rf3
57.Kg4 Rf1 58.Rxb3 Kxh6  1/2-1/2

[Event "Anibal op 4th"]
[Site "Linares"]
[Date "1997.??.??"]
[Round "4"]
[White "Garcia, Gildardo"]
[Black "Miles, Anthony J"]
[Result "0-1"]
[WhiteElo "2485"]
[BlackElo "2550"]

1.e4 Nc6 2.Nf3 e5 3.Bb5 Nf6 4.O-O Nxe4 5.d4 Nd6 6.Bxc6 dxc6 7.dxe5 Nf5 8.Qxd8+ Kxd8
9.Nc3 Ke8 10.Ne2 Ne7 11.Re1 Bg4 12.Nfd4 c5 13.Nb5 Kd7 14.f3 Bf5 15.Be3 a6
16.Rad1+ Kc8 17.Nd6+ cxd6 18.exd6 Nc6 19.Bxc5 b5 20.g4 Bd7 21.Ng3 Kb7 22.Bf2 g6
23.Ne4 Bg7 24.Nc5+ Kc8 25.c3 h5 26.g5 Ne5 27.Kg2 Bc6 28.Kg3 Rd8 29.Bd4 Rxd6
30.h4 Nd7 31.Re8+ Kc7 32.Re7 Bxd4 33.cxd4 Kd8 34.Rde1 Nxc5 35.dxc5 Rd7  0-1

[Event "Anibal op 4th"]
[Site "Linares"]
[Date "1997.??.??"]
[Round "7"]
[White "Miles, Anthony J"]
[Black "Comas Fabrego, Luis"]
[Result "1-0"]
[WhiteElo "2550"]
[BlackElo "2465"]

1.d4 e6 2.Nf3 c5 3.g3 cxd4 4.Nxd4 d5 5.Bg2 Nf6 6.O-O Be7 7.c4 O-O 8.cxd5 exd5
9.Nc3 Nc6 10.Be3 Na5 11.Qc2 Be6 12.Rad1 Qc8 13.Nxe6 fxe6 14.Bh3 Bb4 15.Bd4 Ne4
16.Rc1 Nxc3 17.Bxc3 Bxc3 18.Qxc3 Nc6 19.b4 a6 20.a4 Qe8 21.b5 axb5 22.axb5 Nd8
23.Qe5 Rf6 24.Rc5 b6 25.Rc7 Qxb5 26.Rfc1 Qe8 27.Qd6 b5 28.Re7 Qh5 29.Rcc7 Qg6
30.f3 b4 31.Qd7  1-0

[Event "Anibal op 4th"]
[Site "Linares"]
[Date "1997.??.??"]
[Round "9"]
[White "Miles, Anthony J"]
[Black "Jussupow, Artur"]
[Result "1/2-1/2"]
[WhiteElo "2550"]
[BlackElo "2665"]

1.d4 Nf6 2.Nf3 e6 3.c4 Bb4+ 4.Nbd2 O-O 5.a3 Be7 6.e3 c5 7.dxc5 a5 8.b3 Na6
9.Bb2 Nxc5 10.Be2 b6 11.O-O Bb7 12.Nd4 Qb8 13.Bf3 d5 14.cxd5 Nxd5 15.Nc4 Rd8
16.Qc2 Qc7 17.Rfd1 Ba6 18.Nf5 Bf8 19.Be5 Qa7 20.e4 Ne7 21.Nxe7+ Bxe7 22.b4 Nd7
23.Bd6 Bxc4 24.Bxe7 Rdc8 25.Qb2 Ne5 26.Qxe5 Qxe7 27.Qb2 axb4 28.axb4 e5 29.g3 h6
30.h4 b5 31.Bg4 Rd8 32.Rxa8 Rxa8 33.Rd7 Qf6 34.Qc3 g6 35.Qe3 h5 36.Be2 Ra1+
37.Rd1 Rxd1+ 38.Bxd1 Qd6 39.Qe1 Qd4 40.Bf3 Kg7 41.Bg2 Qb2 42.Bf3 Qa3 43.Bg2 Qb2
44.Bf3 f6 45.Kh2 Qa3 46.Bg2 Qd3 47.Kg1 Qa3 48.Kh2 Qb2 49.Bf3 Qd4 50.Kg1 Kh7
51.Kh2 Kh6 52.Bg2 g5 53.hxg5+ fxg5 54.Kg1 Kg6 55.Kh2 g4 56.Kg1 Qb2 57.Bf1 Qd4
58.Bg2 Qb2 59.Bf1 Qd4 60.Bg2  1/2-1/2

[Event "Anibal op 4th"]
[Site "Linares"]
[Date "1997.??.??"]
[Round "10"]
[White "Delchev, Aleksander"]
[Black "Miles, Anthony J"]
[Result "1/2-1/2"]
[WhiteElo "2515"]
[BlackElo "2550"]

1.e4 Nc6 2.Nf3 e5 3.Bb5 Nf6 4.O-O Nxe4 5.Re1 Nd6 6.Nxe5 Be7 7.Bf1 Nf5 8.c3 Nxe5
9.Rxe5 d6 10.Re1 O-O 11.d4 Be6 12.Nd2 c5 13.dxc5 dxc5 14.Qf3 Nd6 15.Ne4 Nxe4
16.Qxe4 Qb6 17.Bc4 Bxc4 18.Qxc4 Qf6 19.Re2 Qc6 20.Be3 Rac8 21.Rd2 Rfd8  1/2-1/2

[Event "New York op"]
[Site "New York"]
[Date "1997.??.??"]
[Round "?"]
[White "Rozentalis, Eduardas"]
[Black "Miles, Anthony J"]
[Result "1/2-1/2"]
[WhiteElo "2650"]
[BlackElo "2550"]

1.e4 Nf6 2.e5 Nd5 3.g3 d6 4.exd6 exd6 5.Bg2 Nf6 6.d4 Be7 7.c4 d5 8.c5 O-O
9.Ne2 b6 10.cxb6 axb6 11.O-O Ne4 12.f3 Nd6 13.Nbc3 c6 14.Bf4 Re8 15.b3 Nd7
16.Qd2 Nf8 17.Rae1 Ng6 18.Bxd6 Bxd6 19.f4 Bf5 20.Nd1 Nf8 21.Nec3 Qf6 22.Ne3 Bb4
23.Re2 Qg6 24.Rfe1 Be4 25.Nc4 dxc4 26.Bxe4 f5 27.Bf3 cxb3  1/2-1/2

[Event "Tanta op"]
[Site "Tanta"]
[Date "1997.??.??"]
[Round "1"]
[White "El Ghazali, Youssef M"]
[Black "Miles, Anthony J"]
[Result "1-0"]
[WhiteElo "2275"]
[BlackElo "2550"]

1.c4 e5 2.Nc3 Nf6 3.Nf3 Nc6 4.a3 d6 5.d4 e4 6.Ng5 Bf5 7.f3 exf3 8.gxf3 h6
9.Nh3 Bxh3 10.Bxh3 Nh7 11.Rg1 Qh4+ 12.Rg3 Nf6 13.d5 Ne5 14.Qa4+ Kd8 15.f4 Neg4
16.Bd2 Be7 17.c5 dxc5 18.Ne4 Nxe4 19.Qxe4 Nf6 20.Qa4 a6 21.Qb3 Bd6 22.O-O-O Re8
23.Rxg7 Ke7 24.Be6 Rf8 25.Qe3 Kd8 26.Bxf7 Kc8 27.Be6+ Kb8 28.Kb1 Ka7 29.b4 b6
30.bxc5 bxc5 31.Rxc7+ Bxc7 32.Qxc5+ Kb7 33.Qc6+ Kb8 34.Ka2 Nxd5 35.Rb1+  1-0

[Event "Tanta op"]
[Site "Tanta"]
[Date "1997.??.??"]
[Round "5"]
[White "Mohamed, Esam Ahmed Nagib"]
[Black "Miles, Anthony J"]
[Result "1-0"]
[WhiteElo "2340"]
[BlackElo "2550"]

1.d4 e6 2.c4 b6 3.Nc3 Bb7 4.a3 g6 5.e4 Bg7 6.Be3 Ne7 7.Qd2 f5 8.Bh6 O-O 9.Bxg7 Kxg7
10.e5 d6 11.exd6 cxd6 12.h4 Ng8 13.O-O-O Qe7 14.Re1 Nd7 15.Nf3 Bxf3 16.gxf3 Ngf6
17.h5 Rh8 18.Bd3 Rae8 19.Reg1 Kf7 20.hxg6+ hxg6 21.Qg5 Rhg8 22.Rh6 Nf8 23.d5 exd5
24.Bxf5 Qe5 25.cxd5 Qxf5 26.Qxf5 gxf5 27.Rxf6+ Kxf6 28.Rxg8 Kf7 29.Rg5 Kf6
30.Rg8 Kf7 31.Rh8 a6 32.Kd2 Kg7 33.Rh5 Kg6 34.Rh8 Kg7 35.Rh4 b5 36.a4 Ng6
37.Rb4 bxa4 38.Rxa4 Rb8 39.Kc2 Rb6 40.f4 Kf6 41.Rc4 Ne7 42.b4 Kf7 43.Rd4 Rb8
44.Kb3 Ke8 45.Rd1 Kd7 46.Ra1 Rb6 47.Kc4 Kc7 48.Ne2 Kd7 49.Nd4 Kc8 50.Rh1 Rb7
51.Rh8+ Kc7 52.Ne6+ Kb6 53.Rd8 Ka7 54.Rxd6 Nc8 55.Rc6 Nb6+ 56.Kd4 Na8 57.Rc4 Kb8
58.Ke5 Nb6 59.Rd4 Rf7 60.Nc5 Kc8 61.Ke6 Ra7 62.d6 Kd8 63.d7 a5 64.bxa5 Rc7
65.Kd6 Nc4+ 66.Rxc4 Rxc5 67.Kxc5  1-0

[Event "Tanta op"]
[Site "Tanta"]
[Date "1997.??.??"]
[Round "6"]
[White "Miles, Anthony J"]
[Black "Rahman, Yehya"]
[Result "1-0"]
[WhiteElo "2550"]
[BlackElo "2345"]

1.d4 g6 2.Nf3 Bg7 3.c4 Nf6 4.Nc3 O-O 5.e4 d6 6.Be2 e5 7.O-O Nc6 8.d5 Ne7
9.Ne1 Nd7 10.Kh1 f5 11.exf5 Nxf5 12.Nc2 a5 13.Ne4 Nc5 14.Nxc5 dxc5 15.Bd3 Nd6
16.f3 Bd7 17.Rb1 Qh4 18.Qe1 Qh5 19.Be3 b6 20.Be2 e4 21.f4 Bg4 22.Bxg4 Qxg4
23.b3 Rf7 24.a4 Raf8 25.h3 Qd7 26.g4 Qe7 27.Kg2 Bf6 28.Qd2 Rd8 29.Rbd1 Rdf8
30.Na3 Re8 31.Nb5 Qd7 32.Nxd6 cxd6 33.f5 Bg7 34.fxg6 hxg6 35.Rxf7 Qxf7 36.Rf1 Qe7
37.Qe1 Qe5 38.Qg3 Qe7 39.Qf4 Qd7 40.Qg5 Kh7 41.Bf4 Rg8 42.Re1 Re8 43.Qh4+ Kg8
44.Qg3 Bf8 45.Re3 Qg7 46.h4 Qb2+ 47.Qf2 Qd4 48.Qe2 Kh7 49.g5 Kg8 50.Bg3 Kf7
51.Bh2 Kg8 52.Bf4 Kf7 53.h5 Kg7 54.Bg3 Kh7 55.h6 Kg8 56.Bf4 Kh8 57.Kh3 Kg8
58.Kh2 Kh7 59.Bg3 Kg8 60.Kg2 Kh7  1-0

[Event "Tanta op"]
[Site "Tanta"]
[Date "1997.??.??"]
[Round "7"]
[White "Ahmed, Ehab"]
[Black "Miles, Anthony J"]
[Result "0-1"]
[WhiteElo "2235"]
[BlackElo "2550"]

1.d4 Nf6 2.c4 g6 3.Nc3 Bg7 4.e4 d6 5.f3 O-O 6.Bg5 a6 7.Qd2 c5 8.d5 b5 9.cxb5 Qa5
10.Bd3 Nbd7 11.f4 axb5 12.Nxb5 Nxe4 13.Qxa5 Rxa5 14.Bxe4 Rxb5 15.Rb1 Nf6
16.Bxf6 Bxf6 17.b3 Rb4 18.Bd3 Bb7 19.Bc4 Ra8 20.a4 Raxa4 21.Ne2 Ra2 22.O-O Ba6
23.Bxa6 Rxa6 24.Rf3 Ra2 25.Kf1 Rd2 26.Nc1 Rd1+ 27.Ke2 Rbd4 28.Rd3 R4xd3  0-1

[Event "Ubeda op"]
[Site "Ubeda"]
[Date "1997.??.??"]
[Round "1"]
[White "Perdomo, Carlos Andres"]
[Black "Miles, Anthony J"]
[Result "0-1"]
[WhiteElo "2330"]
[BlackElo "2550"]

1.e4 Nc6 2.d4 e5 3.dxe5 Nxe5 4.Nf3 Bb4+ 5.c3 Nxf3+ 6.Qxf3 Bc5 7.Bc4 Qf6 8.Bf4 d6
9.Nd2 Ne7 10.Bb5+ c6 11.Be2 O-O 12.O-O Ng6 13.Bg3 Qe7 14.b4 Bb6 15.Qh5 f5
16.Bc4+ Kh8 17.exf5 Bxf5 18.Qd1 d5 19.Be2 Rae8 20.Bh5 Qf6 21.Nb1 Rd8 22.Qd2 Ne5
23.Na3 Nc4 24.Nxc4 dxc4 25.Qb2 Bd3 26.Rfe1 Rd5 27.Bf3 Rf5 28.a4 a6 29.a5 Ba7
30.Qd2 h6 31.Ra2 Rxf3 32.gxf3 Qxf3 33.Qd1 Qf6 34.Qc1 Bf5 35.Rae2 Bg4 36.Rd2 Bf3
37.Rd6 Qf5 38.Re7 Bd5 39.Qd2 Rf7 40.Re8+ Kh7 41.Rdd8 Rf6 42.Re5 Qg6 43.Ree8 Rf8
44.Qe1 Bxf2+ 45.Qxf2 Rxe8 46.Rxe8 Qxe8 47.Qf5+ Kg8 48.Kf2 Be6 49.Qe5 Qf7+
50.Ke3 Bd5 51.Kd4 Qf1 52.Kc5 Qg1+ 53.Qd4 Qxd4+ 54.Kxd4 g5 55.Kc5 h5 56.Bd6 g4
57.Bg3 Kf7 58.Kb6 Ke6 59.Be1 c5 60.Kxc5 Ke5 61.Bh4 Ke4 62.Bf6 Bf7 63.Kb6 Be8
64.Kxb7 Bb5 65.Kb6 Kf3 66.Kc5 Kg2 67.Be5 h4 68.Kd4 Kf3 69.Bb8 g3 70.hxg3 hxg3
71.Bxg3 Kxg3 72.Ke3 Kg2  0-1

[Event "Ubeda op"]
[Site "Ubeda"]
[Date "1997.??.??"]
[Round "2"]
[White "Miles, Anthony J"]
[Black "Gamundi, Antonio"]
[Result "1/2-1/2"]
[WhiteElo "2550"]
[BlackElo "2440"]

1.c4 Nf6 2.Nc3 c5 3.g3 e6 4.Nf3 b6 5.Bg2 Bb7 6.O-O a6 7.d4 cxd4 8.Qxd4 d6
9.Bg5 Be7 10.Bxf6 Bxf6 11.Qf4 O-O 12.Rfd1 Be7 13.Ne4 Bxe4 14.Qxe4 Ra7 15.Nd4 Rc7
16.b3 Rc5 17.Qb7 Qc7 18.Qxc7 Rxc7 19.a4 Rc5 20.Ra2 Rfc8 21.e3 g6 22.Rad2 R5c7
23.Ra2 Rc5 24.f4 h5 25.Bf3 R8c7 26.Rb1 Bf6 27.Rd2 Kg7 28.Kf2 Be7 29.h3 Nd7
30.g4 hxg4 31.hxg4 g5 32.f5 Nf8 33.Be4 Bf6 34.Rbd1 d5 35.cxd5 exd5 36.Bf3 Nd7
37.Ne2 Ne5 38.Ng3 Kf8 39.Nh5 Ke7 40.Be2 Rc2 41.Ke1 R2c3 42.Rxd5 Rxe3 43.Kf2 Re4
44.Nxf6 Rf4+ 45.Ke1 Kxf6 46.Rd6+ Kg7 47.Bxa6 Rc2 48.f6+ Kh6 49.R1d5 Nxg4
50.Bd3 Rb2 51.Rxb6 Nf2 52.Bf5 Ne4 53.Bxe4 Rxe4+ 54.Kd1 Ree2 55.Rbd6 Rh2 56.Kc1 Rhc2+
57.Kd1 Rh2 58.Kc1 Rxb3 59.Rd2 Rh1+ 60.Rd1 Rhh3 61.a5 Ra3 62.a6 Kg6 63.Kb2 Rhb3+
64.Kc2 Rb5 65.Rc6 Rf5 66.Kb2 Raa5 67.Rdd6 g4 68.Rd8 Rxf6 69.Rg8+ Kf5 70.Rc4 Rg6
71.Rf8 Rg7 72.Rfc8 Rxa6 73.R8c5+ Kf6 74.Rf4+ Ke7 75.Rc2 g3 76.Rg2 Rf6 77.Re4+ Re6
78.Rc4 Re3 79.Kc2 Ke6 80.Kd2 Ra3 81.Ke2 f5 82.Kf1 Rb7 83.Re2+ Kf6 84.Rec2 Kg5
85.Kg2 Rab3 86.Rc8 R7b4 87.Rg8+ Kf4 88.Kh1 Rf3 89.Rc7 Re4 90.Ra7 Rb3 91.Rf7 g2+
92.Kh2 Re6 93.Rh7 g1=Q+ 94.Rxg1 Re2+ 95.Kh1 Rbb2 96.Rh4+ Ke5 97.Rf1  1/2-1/2

[Event "Ubeda op"]
[Site "Ubeda"]
[Date "1997.??.??"]
[Round "3"]
[White "Herrera, Irisberto"]
[Black "Miles, Anthony J"]
[Result "0-1"]
[WhiteElo "2450"]
[BlackElo "2550"]

1.e4 Nc6 2.Nf3 e5 3.Bb5 Nf6 4.O-O Nxe4 5.d4 Nd6 6.Bxc6 dxc6 7.dxe5 Nf5 8.Qxd8+ Kxd8
9.Rd1+ Ke8 10.Nc3 Ne7 11.h3 Ng6 12.b3 Bb4 13.Ne2 a5 14.a4 Be7 15.Bb2 c5 16.Nc3 Bf5
17.Nd5 Rc8 18.Ne3 Be6 19.c4 Rd8 20.Rxd8+ Bxd8 21.Rd1 h6 22.Ne1 b6 23.Nd3 h5
24.Rf1 Ne7 25.Nf4 Nc6 26.Rd1 Bc8 27.Nfd5 h4 28.f4 Rh5 29.Kf2 Ne7 30.Nxe7 Bxe7
31.Kf3 Bd8 32.Bc3 f5 33.exf6 gxf6 34.Nd5 Rh6 35.Ne3 Rg6 36.Be1 f5 37.Nd5 Bb7
38.g3 hxg3 39.Bxg3 Kf7 40.Bf2 Rh6 41.Kg2 Rd6 42.Kf1 Be7 43.Ke2 Re6+ 44.Be3 Bd6
45.Kf2 Bc6 46.Rd3 Rh6 47.Bd2 Ke6 48.Re3+ Kd7 49.Rg3 Kc8 50.Rf3 Bxd5 51.cxd5 Be7
52.Re3 Bf6 53.Bc3 Bxc3 54.Rxc3 Kd7 55.Rd3 Kd6 56.Kg3 Rg6+ 57.Kf2 Rg8 58.h4 Rg4
59.h5 Rh4 60.Kg3 Rxh5  0-1

[Event "Ubeda op"]
[Site "Ubeda"]
[Date "1997.??.??"]
[Round "7"]
[White "Garcia, Gildardo"]
[Black "Miles, Anthony J"]
[Result "1/2-1/2"]
[WhiteElo "2485"]
[BlackElo "2550"]

1.e4 Nc6 2.Nf3 e5 3.d4 exd4 4.Nxd4 Bb4+ 5.c3 Bc5 6.Be3 Bb6 7.Qa4 Rb8 8.Nd2 Nge7
9.Be2 O-O 10.O-O d6 11.Nxc6 bxc6 12.Bxb6 axb6 13.f4 f5 14.Bd3 fxe4 15.Nxe4 Bf5
16.Rae1 Qd7 17.Qc2 Rbe8 18.Ng3 Bxd3 19.Qxd3 Nd5 20.f5 Rf7 21.Rxe8+ Qxe8 22.Ne4 Qe5
23.Ng5 Re7 24.Nxh7 Qe2 25.Qxe2 Rxe2 26.f6 gxf6 27.Nxf6+ Nxf6 28.Rxf6 Rxb2
29.Rf2 Rb1+ 30.Rf1 Rb5 31.h4 Rc5 32.Rf3 Rc4 33.g3 b5 34.Kg2 c5 35.Re3 Ra4
36.Re2 d5 37.h5 Rc4 38.Re3 Kg7 39.Kf3 Kf6 40.h6 Ra4 41.Re8 Kg6 42.Re6+ Kh7
43.g4 Rxa2 44.g5 b4 45.cxb4 cxb4 46.Rc6 Ra7 47.Kg4 b3 48.Re6 b2 49.Re7+ Kg8
50.Re8+ Kf7 51.Rb8 Kg6 52.Rg8+ Kh7 53.Rb8 Kg6 54.Rg8+ Kh7  1/2-1/2

[Event "Anibal op 5th"]
[Site "Linares"]
[Date "1998.01.24"]
[Round "5"]
[White "Estrada Nieto, Julian"]
[Black "Miles, Anthony J"]
[Result "0-1"]
[WhiteElo "2395"]
[BlackElo "2595"]

1.e4 Nc6 2.Nf3 e5 3.Bb5 Nf6 4.O-O Nxe4 5.d4 Nd6 6.Bxc6 dxc6 7.dxe5 Nf5 8.Qxd8+ Kxd8
9.Nc3 Ke8 10.Rd1 Ne7 11.h3 Ng6 12.b3 Bb4 13.Bb2 Bxc3 14.Bxc3 c5 15.Rd2 a5
16.Rad1 b6 17.e6 f6 18.h4 h5 19.Rd8+ Ke7 20.R8d7+ Bxd7 21.Rxd7+ Kxe6 22.Rxc7 Nf4
23.Bd2 Nd5 24.Rxg7 Ne7 25.Bf4 Rag8 26.Rxg8 Rxg8 27.c4 Rd8 28.Bc7 Rd1+ 29.Kh2 Nc8
30.Kg3 Kf5 31.Bf4 Ke4 32.Nd2+ Kd3 33.Kf3 a4 34.bxa4 Nd6 35.Bxd6 Rxd2 36.Bc7 Kxc4
37.Bxb6 Rxa2 38.a5 Kd5 39.Ke3 c4 40.g3 f5 41.Kf4 c3 42.Kxf5 c2 43.Be3 Rxa5
44.Kg6 Ke4  0-1

[Event "Anibal op 5th"]
[Site "Linares"]
[Date "1998.01.25"]
[Round "6"]
[White "Miles, Anthony J"]
[Black "Savchenko, Stanislav"]
[Result "1/2-1/2"]
[WhiteElo "2595"]
[BlackElo "2595"]

1.d4 d5 2.Bg5 h6 3.Bh4 c6 4.e3 Qb6 5.Qc1 Bf5 6.Nf3 e6 7.c4 Nd7 8.Nc3 Be7
9.cxd5 exd5 10.Bxe7 Nxe7 11.Be2 O-O 12.O-O Rfe8 13.Na4 Qa5 14.b3 Nc8 15.Nc5 Nxc5
16.dxc5 Bg4 17.Re1 Bxf3 18.Bxf3 Ne7 19.Qc2 Ng6 20.Red1 Rad8 21.Rd4  1/2-1/2

[Event "Anibal op 5th"]
[Site "Linares"]
[Date "1998.01.27"]
[Round "8"]
[White "Miles, Anthony J"]
[Black "Korneev, Oleg"]
[Result "1-0"]
[WhiteElo "2595"]
[BlackElo "2560"]

1.c4 e5 2.g3 Nf6 3.Bg2 Nc6 4.Nc3 Bc5 5.a3 a6 6.e3 O-O 7.Nge2 Re8 8.d3 d6
9.O-O Ba7 10.b4 Bf5 11.Bb2 Qd7 12.Nd5 Nxd5 13.cxd5 Ne7 14.Rc1 Rac8 15.d4 Ng6
16.dxe5 dxe5 17.Nc3 Bh3 18.Bxh3 Qxh3 19.Ne4 Red8 20.Qf3 h6 21.Rfd1 f5 22.Nd2 Kh8
23.Nc4 e4 24.Qe2 Kh7 25.Na5 Rf8 26.Kh1 b5 27.Nc6 Bb6 28.d6 cxd6 29.Rxd6 Bc7
30.Rxg6 Kxg6 31.Ne7+ Kh7 32.Nxc8 Rxc8 33.Be5 Bxe5 34.Rxc8 f4 35.exf4 Qxc8
36.Qxe4+ Kg8 37.fxe5 Qc4 38.Qa8+ Kh7 39.Kg2 Qe2 40.Qd5  1-0

[Event "Capablanca mem 33th Elite"]
[Site "Havana"]
[Date "1998.05.08"]
[Round "2"]
[White "Miles, Anthony J"]
[Black "Nogueiras, Jesus"]
[Result "1-0"]
[WhiteElo "2595"]
[BlackElo "2520"]

1.d4 e6 2.Nf3 d5 3.Bg5 Be7 4.Bxe7 Qxe7 5.Nbd2 Nf6 6.e3 Nbd7 7.c4 c5 8.Rc1 O-O
9.cxd5 Nxd5 10.a3 cxd4 11.Nxd4 N7b6 12.Be2 Bd7 13.O-O Rac8 14.Rxc8 Rxc8 15.Qb1 g6
16.Rc1 e5 17.N4b3 Na4 18.Bf3 Rxc1+ 19.Nxc1 Be6 20.Nd3 Qc7 21.Qd1 Nab6 22.Ne4 Bf5
23.Ndc5 a5 24.h3 Kg7 25.Qd2 Bxe4 26.Nxe4 a4 27.g4 h6 28.Kg2 Qd7 29.Qc2 f5
30.Nc3 Qc8 31.Bxd5 Nxd5 32.Qxa4 Nxc3 33.bxc3 fxg4 34.hxg4 Qxc3 35.Qd7+ Kf6
36.Qd6+ Kf7 37.Kg3 Qb2 38.a4 Qa1 39.Qc7+ Kf6 40.Qb6+ Kf7 41.Qxb7+ Kf6 42.Qc6+ Kg7
43.Kg2 Qd1 44.Qb7+ Kg8 45.Qe4 Qd6 46.a5  1-0

[Event "Capablanca mem 33th Elite"]
[Site "Havana"]
[Date "1998.05.10"]
[Round "3"]
[White "Becerra Rivero, Julio"]
[Black "Miles, Anthony J"]
[Result "1/2-1/2"]
[WhiteElo "2465"]
[BlackElo "2595"]

1.e4 Nf6 2.e5 Nd5 3.d4 d6 4.Nf3 dxe5 5.Nxe5 g6 6.Bc4 c6 7.O-O Bg7 8.Bb3 O-O
9.Re1 Be6 10.Nd2 Nc7 11.c3 Nd7 12.Nd3 Bf5 13.Nf3 Bxd3 14.Qxd3 Nc5 15.Qc2 Nxb3  1/2-1/2

[Event "Capablanca mem 33th Elite"]
[Site "Havana"]
[Date "1998.05.14"]
[Round "6"]
[White "Miles, Anthony J"]
[Black "Bacrot, Etienne"]
[Result "1/2-1/2"]
[WhiteElo "2595"]
[BlackElo "2565"]

1.c4 e5 2.Nc3 Nf6 3.Nf3 Nc6 4.e3 Bb4 5.Nd5 e4 6.Ng1 O-O 7.a3 Bd6 8.Ne2 Re8
9.Nec3 Be5 10.d4 exd3 11.Bxd3 Bxc3+ 12.Nxc3 d6 13.O-O Be6 14.e4 Ne5 15.b3 Nxd3
16.Qxd3 Nd7 17.Qg3 Kh8 18.Bb2 f6 19.Rae1 a6 20.Nd5 b5 21.Qc3 bxc4 22.bxc4 Rb8
23.Qc2  1/2-1/2

[Event "Capablanca mem 33th Elite"]
[Site "Havana"]
[Date "1998.05.20"]
[Round "10"]
[White "Miles, Anthony J"]
[Black "Bischoff, Klaus"]
[Result "1-0"]
[WhiteElo "2595"]
[BlackElo "2545"]

1.d4 Nf6 2.Nf3 e6 3.c4 b6 4.Nc3 Bb4 5.Qb3 a5 6.Bg5 h6 7.Bh4 Bb7 8.e3 d6 9.Bd3 Nbd7
10.O-O-O Bxc3 11.Qxc3 a4 12.Qc2 Ra5 13.Nd2 g5 14.Bg3 Bxg2 15.Rhg1 Bb7 16.f3 Qa8
17.Rdf1 Ke7 18.Be1 c5 19.Ne4 Ra7 20.Nc3 Ba6 21.f4 cxd4 22.exd4 Rc7 23.fxg5 hxg5
24.Bd2 Ne8 25.Qxa4 f6 26.Rf2 Rh4 27.Be3 Qc8 28.Nb5 Bxb5 29.Qxb5 Rh3 30.Kd2 Qa8
31.Bf1 Rh7 32.Qb3 Qa5+ 33.Kd1 Ra7 34.Qd3 Rh8 35.b3 Ra8 36.a4 Rc8 37.Bd2 Qa7
38.Re2 Nf8 39.Bh3 Ng7 40.Rf1 Re8 41.Qf3 Nd7 42.d5 Rhf8 43.dxe6 Ne5 44.Rxe5  1-0

[Event "BCF-ch"]
[Site "Torquay"]
[Date "1998.07.31"]
[Round "5"]
[White "Levitt, Jonathan"]
[Black "Miles, Anthony J"]
[Result "1/2-1/2"]
[WhiteElo "2425"]
[BlackElo "2595"]

1.d4 d5 2.c4 c6 3.cxd5 cxd5 4.Nc3 Nf6 5.Bf4 a6 6.e3 e6 7.Bd3 Be7 8.Nf3 O-O
9.Rc1 b5 10.Ne5 Bb7 11.O-O Nbd7 12.Bg5 Rc8 13.f4 Nb6 14.Qf3 b4 15.Bxf6 Bxf6
16.Ne2 g6 17.g4 Qe7 18.Qg3 Bg7 19.g5 Na4 20.Rb1 Rc7 21.h4 Nb6 22.Rfc1 Rfc8
23.Rxc7 Rxc7 24.h5 Nc4 25.hxg6 hxg6 26.Kf2 a5 27.Qh4 Nxe5 28.fxe5 Kf8 29.Nf4  1/2-1/2